重要伝統的建造物群保存地区一覧 - Statistics

General Stats
  • This quiz has been taken 31 times
  • The average score is 22 of 127
Answer Stats
都道府県 自治体 地区名称等 種別 % Correct
青森 弘前市 仲町 武家町
68%
青森 黒石市 中町 商家町
68%
北海道 函館市 元町末広町 港町
64%
岩手 金ケ崎町 城内諏訪小路 武家町
61%
宮城 村田町 村田 商家町
61%
群馬 桐生市 桐生新町 製織町
61%
埼玉 川越市 川越 商家町
57%
石川 輪島市 黒島地区 船主集落
57%
栃木 栃木市 嘉右衛門町 在郷町
54%
千葉 香取市 佐原 商家町
50%
秋田 仙北市 角館 武家町
46%
群馬 中之条町 六合赤岩 山村・養蚕集落
46%
島根 津和野町 津和野 武家町・商家町
46%
岡山 倉敷市 倉敷川畔 商家町
46%
福島 下郷町 大内宿 宿場町
43%
兵庫 丹波篠山市 篠山 城下町
39%
鳥取 若桜町 若桜 商家町
39%
石川 白山市 白峰 山村・養蚕集落
36%
大阪 富田林市 富田林 寺内町・在郷町
36%
鳥取 倉吉市 打吹玉川 商家町
36%
長野 塩尻市 奈良井 宿場町
32%
長野 南木曽町 妻籠宿 宿場町
32%
滋賀 近江八幡市 八幡 商家町
32%
兵庫 豊岡市 出石 城下町
32%
和歌山 湯浅町 湯浅 醸造町
32%
島根 大田市 温泉津 港町・温泉町
32%
岡山 津山市 城東 商家町
32%
岡山 津山市 城西 寺町・商家町
32%
宮崎 日南市 飫肥 武家町
32%
福井 若狭町 熊川宿 宿場町
29%
岐阜 郡上市 郡上八幡北町 城下町
29%
鹿児島 南九州市 知覧 武家町
29%
沖縄 竹富町 竹富島 島の農村集落
29%
愛知 名古屋市 有松 染織町
25%
愛知 豊田市 足助 商家町
25%
三重 亀山市 関宿 宿場町
25%
滋賀 大津市 坂本 里坊群・門前町
25%
兵庫 たつの市 龍野 商家町・醸造町
25%
岡山 高梁市 吹屋 鉱山町
25%
長崎 長崎市 東山手 港町
25%
長崎 長崎市 南山手 港町
25%
沖縄 渡名喜村 渡名喜島 島の農村集落
25%
福島 南会津町 前沢 山村集落
21%
鳥取 大山町 所子 農村集落
21%
山口 柳井市 古市金屋 商家町
21%
愛媛 西予市 宇和町卯之町 在郷町
21%
茨城 桜川市 真壁 在郷町
18%
新潟 佐渡市 宿根木 港町
18%
石川 金沢市 主計町 茶屋町
18%
奈良 橿原市 今井町 寺内町・在郷町
18%
秋田 横手市 増田 在郷町
14%
富山 高岡市 吉久 在郷町
14%
石川 金沢市 東山ひがし 茶屋町
14%
山梨 早川町 赤沢 山村・講中宿
14%
京都 与謝野町 加悦 製織町
14%
福岡 朝倉市 秋月 城下町
14%
富山 高岡市 金屋町 鋳物師町
11%
富山 南砺市 菅沼 山村集落
11%
福井 小浜市 小浜西組 商家町・茶屋町
11%
岐阜 美濃市 美濃町 商家町
11%
滋賀 彦根市 河原町芹町地区 商家町
11%
京都 京都市 産寧坂 門前町
11%
京都 伊根町 伊根浦 漁村
11%
岡山 矢掛町 矢掛宿 宿場町
11%
広島 廿日市市 宮島町 門前町
11%
山口 萩市 平安古地区 武家町
11%
徳島 美馬市 脇町南町 商家町
11%
富山 高岡市 山町筋 商家町
7%
石川 金沢市 寺町台 寺町
7%
福井 南越前町 今庄宿 宿場町
7%
長野 長野市 戸隠 宿坊群・門前町
7%
長野 白馬村 青鬼 山村集落
7%
静岡 焼津市 花沢 山村集落
7%
滋賀 東近江市 五個荘金堂 農村集落
7%
京都 京都市 上賀茂 社家町
7%
京都 京都市 嵯峨鳥居本 門前町
7%
兵庫 丹波篠山市 福住 宿場町・農村集落
7%
広島 福山市 鞆町 港町
7%
香川 丸亀市 塩飽本島町笠島 港町
7%
福岡 うきは市 筑後吉井 在郷町
7%
大分 日田市 豆田町 商家町
7%
富山 南砺市 相倉 山村集落
4%
石川 加賀市 加賀橋立 船主集落
4%
山梨 甲州市 塩山下小田原上条 山村・養蚕集落
4%
長野 東御市 海野宿 宿場・養蚕町
4%
岐阜 高山市 三町 商家町
4%
岐阜 恵那市 岩村町本通り 商家町
4%
京都 京都市 祇園新橋 茶屋町
4%
京都 南丹市 美山町北 山村集落
4%
兵庫 神戸市 北野町山本通 港町
4%
兵庫 養父市 大屋町大杉 山村・養蚕集落
4%
奈良 五條市 五條新町 商家町
4%
奈良 宇陀市 松山 商家町
4%
島根 大田市 大森銀山 鉱山町
4%
広島 呉市 豊町御手洗 港町
4%
山口 萩市 堀内地区 武家町
4%
山口 萩市 浜崎 港町
4%
山口 萩市 佐々並市 宿場町
4%
徳島 牟岐町 出羽島 漁村集落
4%
高知 室戸市 吉良川町 在郷町
4%
福岡 八女市 八女福島 商家町
4%
福岡 八女市 黒木 在郷町
4%
大分 杵築市 北台南台 武家町
4%
宮崎 日向市 美々津 港町
4%
宮崎 椎葉村 十根川 山村集落
4%
福島 喜多方市 小田付 在郷町・醸造町
0%
石川 金沢市 卯辰山麓 寺町
0%
石川 加賀市 加賀東谷 山村集落
0%
長野 塩尻市 木曾平沢 漆工町
0%
長野 千曲市 稲荷山 商家町
0%
岐阜 高山市 下二之町大新町 商家町
0%
岐阜 白川村 荻町 山村集落
0%
広島 竹原市 竹原地区 製塩町
0%
徳島 三好市 東祖谷山村落合 山村集落
0%
愛媛 宇和島市 津島町岩松 在郷町
0%
愛媛 内子町 八日市護国 製蝋町
0%
高知 安芸市 土居廓中 武家町
0%
福岡 うきは市 新川田篭 山村集落
0%
佐賀 鹿島市 浜庄津町浜金屋町 港町・在郷町
0%
佐賀 鹿島市 浜中町八本木宿 醸造町
0%
佐賀 嬉野市 塩田津 商家町
0%
佐賀 有田町 有田内山 製磁町
0%
長崎 平戸市 大島村神浦 港町
0%
長崎 雲仙市 神代小路 武家町
0%
鹿児島 出水市 出水麓 武家町
0%
鹿児島 薩摩川内市 入来麓 武家町
0%
鹿児島 南さつま市 加世田麓 武家町
0%
No matching quizzes found
Score Distribution
Percent of People with Each Score
Percentile by Number Answered
Your Score History
You have not taken this quiz